| 000 | 00600nam a2200241Ia 4500 | ||
|---|---|---|---|
| 005 | 20250425162643.0 | ||
| 008 | 250425s9999 xx 000 0 und d | ||
| 020 | _a0850662850 | ||
| 041 | _aeng | ||
| 082 | _a597.0828 | ||
| 100 | _aKABEL, ROBERT LYNN | ||
| 245 | 0 | _aPARASITES AND DISEASES OF FISH CULTURED IN THE TROPICS | |
| 250 | _aS.E | ||
| 260 |
_aEstados Unidos _bTAYLOR & FRANCIS _c1985 |
||
| 260 | _aNEW YORK | ||
| 300 | _a318 | ||
| 650 | _aPARASITOS | ||
| 650 | _aPARASITOS | ||
| 650 | _aPECES-ENFERMEDADES | ||
| 650 | _aPECES-ENFERMEDADES | ||
| 942 | _c01 | ||
| 010 | _a94264 | ||
| 999 |
_c233669 _d233669 |
||